Feijoo e Sarmiento encol da Baleia / (Record no. 151003)

MARC details
000 -LEADER
campo de control de longitud fija 00742nam a2200205 i 4500
001 - NÚMERO DE CONTROL
campo de control 151003
003 - IDENTIFICADOR DE NÚMERO DE CONTROL
campo de control ES-MaACL
005 - FECHA Y HORA DE LA ÚLTIMA TRANSACCIÓN
campo de control 20250723052150.0
007 - CAMPO FIJO DE DESCRIPCIÓN FÍSICA--INFORMACIÓN GENERAL
campo de control de longitud fija t|
008 - DATOS DE LONGITUD FIJA--INFORMACIÓN GENERAL
campo de control de longitud fija 071127s1972 sp ||||1| gao d
100 1# - ENTRADA PRINCIPAL--NOMBRE DE PERSONA
Nombre de persona Chao Espina, Enrique.
9 (RLIN) 37996
245 10 - MENCIÓN DEL TÍTULO
Título Feijoo e Sarmiento encol da Baleia /
Mención de responsabilidad, etc. Enrique Chao Espina.
260 ## - PUBLICACIÓN, DISTRIBUCIÓN, ETC.
Lugar de publicación, distribución, etc. [La Coruña :
Nombre del editor, distribuidor, etc. Real Academia Gallega,
Fecha de publicación, distribución, etc. 1972]
300 ## - DESCRIPCIÓN FÍSICA
Extensión 8 h., 4 h. de lám. ;
Dimensiones 25 cm.
500 ## - NOTA GENERAL
Nota general Tirada aparte de: Boletín de la Real Academia Gallega.-- N. 353/354 (1971/72) ; p. 169-182.
600 14 - PUNTO DE ACCESO ADICIONAL DE MATERIA--NOMBRE DE PERSONA
Nombre de persona Feijoo, Benito Jerónimo,
Fechas asociadas al nombre 1676-1764
9 (RLIN) 49105
600 04 - PUNTO DE ACCESO ADICIONAL DE MATERIA--NOMBRE DE PERSONA
Nombre de persona Martín Sarmiento,
Títulos y otros términos asociados al nombre Fray,
Fechas asociadas al nombre 1695-1772
9 (RLIN) 166281
852 ## - LOCALIZACIÓN
Ubicación ES-MaACL
Número de control de estantería 2103-F-21
Sublocalización o colección R.93790
Holdings
Estatus retirado Estado de pérdida Estado de daño No para préstamo Colección Biblioteca de origen Biblioteca actual Ubicación en estantería Fecha de adquisición Fuente de adquisición Total de préstamos Signatura topográfica completa Código de barras Visto por última vez Precio de reemplazo Tipo de ítem Koha
        Colección de folletos Biblioteca del Ateneo de Madrid Biblioteca del Ateneo de Madrid Depósito folletos 17/01/2008     2103-F-21 1157568 23/02/2023 23/02/2023 Folleto